Największe miasta państw bałtyckich z mapą - Statystyki

Ogólne statystyki
  • Ten quiz został rozwiązany 482 razy
  • Średni wynik to 9 z 17
Odpowiedzi na mapie
Odpowiedzi zakodowano w zielono-czerwonej skali na mapie do tego quizu, zgodnie z poniższymi procentami.
 
Statystyki odpowiedzi
L.p. Miasto Liczba ludności Państwo % Poprawnych
3 Tallin 431 tys. Estonia
99%
2 Wilno 528 tys. Litwa
99%
1 Ryga 659 tys. Łotwa
98%
4 Kowno 307 tys. Litwa
86%
5 Kłajpeda 159 tys. Litwa
83%
9 Dyneburg 93 tys. Łotwa
50%
8 Tartu 94 tys. Estonia
48%
13 Narwa 56 tys. Estonia
45%
6 Szawle 107 tys. Litwa
40%
10 Lipawa 77 tys. Łotwa
38%
7 Poniewież 98 tys. Litwa
38%
15 Mariampol 40 tys. Litwa
36%
16 Parnawa 39 tys. Estonia
35%
17 Windawa 39 tys. Łotwa
27%
14 Jurmała 51 tys. Łotwa
24%
12 Olita 57 tys. Litwa
24%
11 Jełgawa 60 tys. Łotwa
23%
Nie znaleziono quizów pasujących do podanych kryteriów
Rozkład punktacji
Procent ludzi z każdym wynikiem
Percentyl według liczby udzielonych odpowiedzi
Twoja historia wyników
Nie rozwiązałeś tego quizu